| 000 | 00422nam a2200157Ia 4500 | ||
|---|---|---|---|
| 003 | OSt | ||
| 005 | 20230526152257.0 | ||
| 008 | 211028s2016 xx 000 0 und d | ||
| 040 | _cAIMIT LIBRARY | ||
| 041 | _aeng | ||
| 100 |
_aAkhil, K I; Shetty, Annapoorna. _98618 _e141901 |
||
| 110 |
_aAnnapoorna Shetty _98619 |
||
| 245 | _aWeb solution for a sports governing body. | ||
| 260 |
_aMangalore _c2016 |
||
| 942 |
_2ddc _cPRO |
||
| 999 |
_c219978 _d219978 |
||